Statistiques concernant Principaux pays producteurs d'huile d'olive

Cliquez ici pour prendre le quiz!

Statistiques générales

  • Ce quiz a été pris 932 fois
  • Le résultat moyen est 14 sur 20

Statistiques - réponses

Tonnes métriquesPays% Correct
4.900France
96%
1.740.000Espagne
95%
295.000Italie
94%
137.000Maroc
92%
52.400Algérie
91%
209.000Grèce
88%
66.500Portugal
87%
180.000Tunisie
86%
20.300Égypte
81%
73.900Turquie
81%
10.700Etats-Unis
76%
15.000Libye
72%
15.800Israël
61%
19.200Liban
59%
101.000Syrie
57%
2.770Iran
53%
23.000Jordanie
47%
28.100Argentine
46%
5.930Australie
41%
15.600Chili
38%

Distribution des résultats

Percentile par nombre de réponses

% des personnes avec chaque résultat

Votre développement - résultats

Vous n’avez pas pris ce quiz